[Event "V Memorial Pino Mascolo A"]
[Site "Barletta ITA"]
[Date "2013.09.28"]
[Round "1"]
[White "Beccaria, Matteo"]
[Black "Messina, Francesco"]
[WhiteElo "1566"]
[BlackElo "1904"]
[Result "0-1"]
[PlyCount "80"]
[EventDate "2013.09.28"]

1. e4 Nf6 2. e5 Nd5 3. d4 d6 4. Nf3 dxe5 5. dxe5 Nc6 6. Bb5 Bg4 7. Bxc6+ bxc6
8. O-O e6 9. Qd3 Nb4 10. Qxd8+ Rxd8 11. Na3 Bf5 12. c3 Nd3 13. Nd4 Bc5 14. Nxf5
exf5 15. b4 Bb6 16. Nc4 O-O 17. Nxb6 cxb6 18. f4 c5 19. bxc5 Nxc5 20. Be3 Ne4
21. c4 Rd3 22. Rfe1 Rc8 23. Rad1 Rc3 24. h3 R3xc4 25. Rc1 Rxc1 26. Rxc1 Rxc1+
27. Bxc1 Nc3 28. Kf2 Kf8 29. a3 Ke7 30. Ke3 Ke6 31. Kd3 Nd5 32. h4 h6 33. g3 f6
34. Bb2 g5 35. exf6 gxh4 36. gxh4 Nxf4+ 37. Kc4 Nh5 38. f7 Kxf7 39. Kd5 Nf4+
40. Kd6 Nd3 0-1

[Event "V Memorial Pino Mascolo A"]
[Site "Barletta ITA"]
[Date "2013.09.28"]
[Round "1"]
[White "Brunetti, Alberto"]
[Black "Losurdo, Gennaro"]
[WhiteElo "1797"]
[BlackElo "1425"]
[Result "1-0"]
[PlyCount "91"]
[EventDate "2013.09.28"]

1. d4 Nf6 2. c4 e6 3. Nf3 Be7 4. Nc3 h6 5. e4 O-O 6. Bd3 d6 7. Bf4 a6 8. Qe2 c5
9. dxc5 dxc5 10. Rd1 Nc6 11. e5 Nd4 12. Nxd4 cxd4 13. exf6 Bxf6 14. O-O Bg5 15.
Bxg5 Qxg5 16. Qe4 f5 17. Qxd4 Rd8 18. Qe5 Bd7 19. f4 Qg6 20. Be2 Rac8 21. Rd3
Qf7 22. Rfd1 Qe7 23. Bf3 Rc5 24. Qd6 Kf8 25. Qxe7+ Kxe7 26. b3 b5 27. cxb5 axb5
28. a3 Rcc8 29. Kf2 g5 30. g3 g4 31. Be2 Bc6 32. Rxd8 Rxd8 33. Rxd8 Kxd8 34.
Bxb5 Bb7 35. a4 Kc7 36. b4 Ba8 37. a5 Bb7 38. Ke3 Kd6 39. Kd4 Bc8 40. Bc4 Bd7
41. b5 h5 42. a6 Kc7 43. Kc5 Bc8 44. b6+ Kb8 45. a7+ Kb7 46. Ba6+ 1-0

[Event "V Memorial Pino Mascolo A"]
[Site "Barletta ITA"]
[Date "2013.09.28"]
[Round "1"]
[White "Damico, Alessandro"]
[Black "Rinaldi, Giuseppe"]
[WhiteElo "1557"]
[BlackElo "1803"]
[Result "0-1"]
[PlyCount "42"]
[EventDate "2013.09.28"]

1. e4 d6 2. d4 Nf6 3. Nc3 g6 4. Nf3 Bg7 5. Bf4 Nbd7 6. Bd3 c6 7. d5 cxd5 8.
exd5 a6 9. Qe2 O-O 10. O-O b5 11. Rfe1 Re8 12. Ne4 Nxd5 13. Bg3 Bb7 14. Nxd6
exd6 15. Qd2 Bxb2 16. Rxe8+ Qxe8 17. Re1 Qf8 18. Qg5 Bc3 19. Rd1 Re8 20. a4 Bf6
21. Qd2 Nc3 0-1

[Event "V Memorial Pino Mascolo A"]
[Site "Barletta ITA"]
[Date "2013.09.28"]
[Round "1"]
[White "De Mola, Paolo"]
[Black "Poggiolini, Alessandro"]
[WhiteElo "1625"]
[BlackElo "1950"]
[Result "0-1"]
[PlyCount "74"]
[EventDate "2013.09.28"]

1. e4 c6 2. d4 d5 3. e5 Bf5 4. Bd3 Bxd3 5. Qxd3 e6 6. Nf3 Ne7 7. Bd2 Nd7 8. O-O
c5 9. dxc5 Nc6 10. b4 Ncxe5 11. Nxe5 Nxe5 12. Qb5+ Qd7 13. Nc3 Nc4 14. Qxd7+
Kxd7 15. Rad1 b6 16. cxb6 axb6 17. Be3 Bxb4 18. Ne4 f5 19. c3 Be7 20. Nd2 Nxe3
21. fxe3 Bc5 22. Nc4 Ke7 23. Ne5 Rxa2 24. Nc6+ Kf6 25. Nd4 Rha8 26. g4 g6 27.
g5+ Kf7 28. Rf2 e5 29. Nc2 Ke6 30. Rfd2 f4 31. Kf2 fxe3+ 32. Nxe3 d4 33. cxd4
Bxd4 34. Kf3 Rxd2 35. Rxd2 Ra3 36. Re2 b5 37. Ke4 Rxe3+ 0-1

[Event "V Memorial Pino Mascolo A"]
[Site "Barletta ITA"]
[Date "2013.09.28"]
[Round "1"]
[White "Mastrolonardo, Francesco"]
[Black "Martire, Ruggiero"]
[WhiteElo "1940"]
[BlackElo "1617"]
[Result "0-1"]
[PlyCount "92"]
[EventDate "2013.09.28"]

1. e4 e6 2. Nf3 c5 3. d4 cxd4 4. Nxd4 Nf6 5. Bd3 Qb6 6. Nb3 Nc6 7. O-O Be7 8.
Be3 Qc7 9. f4 d6 10. Nc3 a6 11. a4 b6 12. Be2 Bb7 13. Bf3 O-O 14. Qe1 Nd7 15.
g4 Rad8 16. Qf2 Nc5 17. Nxc5 dxc5 18. Ne2 Nd4 19. Bxd4 cxd4 20. Nc1 Qxf4 21.
Nd3 Qc7 22. Qg2 Bg5 23. e5 Bxf3 24. Rxf3 Rc8 25. Rh3 Qxc2 26. Qe4 Be3+ 27. Kh1
g6 28. Rf1 Qc6 29. Qxc6 Rxc6 30. Nf2 Bxf2 31. Rxf2 Rd8 32. Rd3 Rc5 33. Re2 Rdd5
34. Red2 Rxe5 35. Rxd4 Red5 36. Rxd5 Rxd5 37. Rc2 Rd4 38. b3 Rxg4 39. Rc8+ Kg7
40. Ra8 a5 41. Rc8 Rb4 42. Rc3 f5 43. Kg2 Kf6 44. Kf3 Ke5 45. Rd3 g5 46. h3 h5
0-1

[Event "V Memorial Pino Mascolo A"]
[Site "Barletta ITA"]
[Date "2013.09.28"]
[Round "1"]
[White "Poggiolini, Davide"]
[Black "Marrone, Vincenzo"]
[WhiteElo "1575"]
[BlackElo "1933"]
[Result "1-0"]
[PlyCount "53"]
[EventDate "2013.09.28"]

1. b3 c5 2. Bb2 Nc6 3. Nf3 d5 4. e3 Bg4 5. Be2 Nf6 6. O-O e6 7. d4 cxd4 8. Nxd4
Bxe2 9. Qxe2 Bd6 10. Nd2 Rc8 11. c4 Bb8 12. cxd5 Qxd5 13. Rfd1 Ne5 14. N4f3 Rc2
15. Bxe5 Bxe5 16. Nxe5 Qxe5 17. Qd3 Rc8 18. Nc4 Qb8 19. Nd6+ Kf8 20. Nxc8 Qxc8
21. Rac1 Qe8 22. Qd6+ Kg8 23. Qd8 Kf8 24. Qxe8+ Nxe8 25. Rd8 Ke7 26. Rb8 h5 27.
Rxb7+ 1-0

[Event "V Memorial Pino Mascolo A"]
[Site "Barletta ITA"]
[Date "2013.09.28"]
[Round "1"]
[White "Riga, Raffaele"]
[Black "Distaso, Antonio"]
[WhiteElo "1795"]
[BlackElo "2129"]
[Result "0-1"]
[PlyCount "68"]
[EventDate "2013.09.28"]

1. e4 c5 2. c3 Nf6 3. e5 Nd5 4. d4 cxd4 5. Nf3 e6 6. cxd4 d6 7. Nc3 Nxc3 8.
bxc3 Qc7 9. Bb2 Nd7 10. Bb5 a6 11. Qa4 Rb8 12. Bd3 b5 13. Qd1 dxe5 14. O-O Bd6
15. Re1 O-O 16. dxe5 Nxe5 17. Nxe5 Bxe5 18. Qh5 f5 19. Rac1 Bf6 20. Qe2 Qb6 21.
a3 Kh8 22. Bb1 Bd7 23. Red1 Qb7 24. Ba2 Bc6 25. f3 Rfe8 26. Rd3 e5 27. Rcd1 e4
28. fxe4 fxe4 29. Rh3 h6 30. Rd6 Rf8 31. Bc1 Kh7 32. Bxh6 gxh6 33. Qh5 Qg7 34.
Rxc6 Bd4+ 0-1

[Event "V Memorial Pino Mascolo A"]
[Site "Barletta ITA"]
[Date "2013.09.28"]
[Round "1"]
[White "Salvemini, Fabio"]
[Black "De Gioia, Cosmo"]
[WhiteElo "1923"]
[BlackElo "1567"]
[Result "1-0"]
[PlyCount "71"]
[EventDate "2013.09.28"]

1. e4 c5 2. Nf3 d6 3. d4 cxd4 4. Nxd4 a6 5. c4 Nf6 6. Nc3 e6 7. Be2 Be7 8. O-O
O-O 9. Be3 Bd7 10. Rc1 Nc6 11. b3 Nxd4 12. Bxd4 e5 13. Be3 Qc8 14. f3 Bc6 15.
Qd2 Rd8 16. Rfd1 Rd7 17. b4 Rc7 18. Bb6 Be8 19. Bxc7 Qxc7 20. Nd5 Nxd5 21. cxd5
Qb6+ 22. Kh1 h6 23. g3 Bd7 24. Kg2 Rc8 25. Rxc8+ Bxc8 26. a4 Bd7 27. a5 Qa7 28.
Rc1 Bd8 29. f4 f6 30. h3 g6 31. fxe5 g5 32. e6 Ba4 33. Rc8 Kf8 34. Rxd8+ Ke7
35. Rc8 Bb3 36. Qc3 1-0

[Event "V Memorial Pino Mascolo A"]
[Site "Barletta ITA"]
[Date "2013.09.28"]
[Round "1"]
[White "Sirena, Gianni"]
[Black "Pastore, Giuseppe"]
[WhiteElo "2013"]
[BlackElo "1720"]
[Result "1-0"]
[PlyCount "41"]
[EventDate "2013.09.28"]

1. e4 e6 2. d4 d5 3. Nd2 c5 4. Ngf3 Nf6 5. e5 Nfd7 6. c3 Be7 7. Bd3 O-O 8. O-O
f6 9. exf6 Bxf6 10. Re1 Qb6 11. Nf1 Re8 12. Ne3 Qd6 13. Ng4 c4 14. Bc2 Nc6 15.
g3 e5 16. dxe5 Ndxe5 17. Nfxe5 Nxe5 18. Nxf6+ gxf6 19. Bf4 Qd7 20. Qh5 Qf7 21.
Bxh7+ 1-0

[Event "V Memorial Pino Mascolo A"]
[Site "Barletta ITA"]
[Date "2013.09.29"]
[Round "2"]
[White "Capitano, Daniel"]
[Black "Manfredi, Sabino"]
[WhiteElo "1560"]
[BlackElo "1735"]
[Result "0-1"]
[PlyCount "46"]
[EventDate "2013.09.28"]

1. e4 c5 2. Nf3 d6 3. d4 cxd4 4. Nxd4 Nf6 5. Nc3 a6 6. Be3 e6 7. Qd2 b5 8. f3
Nbd7 9. g4 Ne5 10. Be2 Bb7 11. g5 Nfd7 12. a3 Nb6 13. Rb1 Nbc4 14. Bxc4 Nxc4
15. Qd3 Rc8 16. Nde2 Ne5 17. Qd1 Nxf3+ 18. Kf2 Nxg5 19. Qd3 Qf6+ 20. Ke1 Nf3+
21. Kd1 Ne5 22. Qd2 Qf3 23. Rg1 Nc4 0-1

[Event "V Memorial Pino Mascolo A"]
[Site "Barletta ITA"]
[Date "2013.09.29"]
[Round "2"]
[White "De Gioia, Cosmo"]
[Black "Riga, Raffaele"]
[WhiteElo "1567"]
[BlackElo "1795"]
[Result "0-1"]
[PlyCount "23"]
[EventDate "2013.09.28"]

1. e4 c6 2. d4 d5 3. exd5 cxd5 4. c4 Nf6 5. Nc3 e6 6. Nf3 Nc6 7. cxd5 exd5 8.
Qb3 Bb4 9. Bb5 O-O 10. O-O Bd6 11. Nxd5 Nxd5 12. Qxd5 0-1

[Event "V Memorial Pino Mascolo A"]
[Site "Barletta ITA"]
[Date "2013.09.29"]
[Round "2"]
[White "Lombardi, Vincenzo Angelo"]
[Black "Brunetti, Alberto"]
[WhiteElo "1974"]
[BlackElo "1797"]
[Result "1-0"]
[PlyCount "71"]
[EventDate "2013.09.28"]

1. e4 c5 2. Nf3 Nc6 3. d3 Nf6 4. Nbd2 g6 5. g3 Bg7 6. Bg2 O-O 7. O-O d6 8. c3
e5 9. a4 a6 10. Nc4 h6 11. Bd2 Be6 12. Re1 Nxe4 13. Nfxe5 Nxe5 14. Bxe4 Nxc4
15. dxc4 Bxc4 16. b3 Be6 17. Bxg6 Qd7 18. Bb1 Qc6 19. Qc2 Rfe8 20. Qh7+ Kf8 21.
Bxh6 Bxh6 22. Qxh6+ Ke7 23. Bf5 Kd7 24. Qf6 Re7 25. Rad1 Rae8 26. h4 Kc7 27.
Re3 Kb8 28. Bxe6 Rxe6 29. Rxe6 fxe6 30. c4 Ka7 31. Qf7 a5 32. Kh2 d5 33. cxd5
exd5 34. Qxd5 Qc7 35. Qd7 Qe5 36. Qb5 1-0

[Event "V Memorial Pino Mascolo A"]
[Site "Barletta ITA"]
[Date "2013.09.29"]
[Round "2"]
[White "Losurdo, Gennaro"]
[Black "Mininni, Saverio"]
[WhiteElo "1425"]
[BlackElo "1706"]
[Result "1-0"]
[PlyCount "95"]
[EventDate "2013.09.28"]

1. e4 e5 2. Nf3 d6 3. d4 exd4 4. Nxd4 Nf6 5. Nc3 Be7 6. Bc4 O-O 7. O-O h6 8.
Re1 Nbd7 9. f4 Nb6 10. Bd3 c5 11. Nf3 Bg4 12. Be2 Nh7 13. h3 Be6 14. b3 d5 15.
e5 d4 16. Ne4 Nd5 17. Bd3 b6 18. Qe2 Qc8 19. Bd2 Qb7 20. Ng3 Qc8 21. f5 Bd7 22.
Qe4 Bc6 23. Qg4 f6 24. e6 Kh8 25. Nh5 Rg8 26. Nh4 Be8 27. Ng6+ Bxg6 28. Qxg6
Qe8 29. Qg4 Ng5 30. h4 Nh7 31. Be4 Rd8 32. Bxd5 Rxd5 33. Nf4 g5 34. Nxd5 gxh4
35. Qxh4 Qc6 36. Qe4 Qe8 37. Bxh6 Bd6 38. Kf2 Qh5 39. Rh1 Bg3+ 40. Kg1 Qe8 41.
Nxf6 Nxf6 42. Bf4+ Nh7 43. Qe5+ Rg7 44. Bxg3 Kg8 45. Kf2 Qc6 46. Qb8+ Nf8 47.
Rh8+ Kxh8 48. Qxf8+ 1-0

[Event "V Memorial Pino Mascolo A"]
[Site "Barletta ITA"]
[Date "2013.09.29"]
[Round "2"]
[White "Messina, Francesco"]
[Black "Lattanzio, Savino"]
[WhiteElo "1904"]
[BlackElo "2100"]
[Result "1/2-1/2"]
[PlyCount "41"]
[EventDate "2013.09.28"]

1. e4 Nc6 2. d4 d5 3. e5 Bf5 4. Nf3 e6 5. Bb5 h6 6. Nbd2 Nge7 7. c3 a6 8. Ba4
g5 9. Nf1 Bg6 10. h3 Bg7 11. Bc2 Qd7 12. Bd2 f6 13. Bxg6+ Nxg6 14. Qc2 Qf7 15.
exf6 Bxf6 16. O-O-O O-O-O 17. N1h2 Kb8 18. Rhe1 e5 19. dxe5 Ncxe5 20. Qf5 Rhe8
21. Be3 1/2-1/2

[Event "V Memorial Pino Mascolo A"]
[Site "Barletta ITA"]
[Date "2013.09.29"]
[Round "2"]
[White "Pastore, Giuseppe"]
[Black "Damico, Alessandro"]
[WhiteElo "1720"]
[BlackElo "1557"]
[Result "1-0"]
[PlyCount "91"]
[EventDate "2013.09.28"]

1. d4 d5 2. Nf3 Nf6 3. e3 e6 4. Bd3 c5 5. c3 Nc6 6. Nbd2 c4 7. Bc2 Bd6 8. e4
dxe4 9. Nxe4 b6 10. Nxf6+ gxf6 11. Qe2 Qc7 12. Qxc4 Ne7 13. Ba4+ Bd7 14. Qxc7
Bxc7 15. Bxd7+ Kxd7 16. Be3 Rhg8 17. g3 Rad8 18. O-O-O Kc8 19. Nd2 Rd6 20. Ne4
Rc6 21. Nxf6 Rg7 22. d5 Nxd5 23. Nxd5 exd5 24. Rxd5 a6 25. f4 b5 26. Rc5 Rxc5
27. Bxc5 h5 28. Bd4 Rg4 29. Bf6 Rg6 30. Bh4 Rc6 31. Re1 b4 32. Re3 Bb6 33. Rd3
Ba5 34. Kc2 bxc3 35. bxc3 Re6 36. Rd5 Bb6 37. Rxh5 Re2+ 38. Kb3 Rxh2 39. Rf5
Bc7 40. Rxf7 Rh1 41. Bf6 Rh3 42. Rg7 Rh6 43. Be5 Bxe5 44. fxe5 Rb6+ 45. Kc4
Rc6+ 46. Kd4 1-0

[Event "V Memorial Pino Mascolo A"]
[Site "Barletta ITA"]
[Date "2013.09.29"]
[Round "2"]
[White "Pizzuto, Samuele Tullio"]
[Black "Di Lascio, Savino"]
[WhiteElo "2081"]
[BlackElo "1900"]
[Result "1-0"]
[PlyCount "81"]
[EventDate "2013.09.28"]

1. d4 c5 2. dxc5 e6 3. Nc3 Bxc5 4. Ne4 Qb6 5. Nxc5 Qxc5 6. Nf3 Nc6 7. g3 b6 8.
Bg2 Bb7 9. O-O Nf6 10. Be3 Qh5 11. h3 O-O 12. c4 h6 13. g4 Qg6 14. b4 d5 15. b5
Na5 16. Ne5 Qh7 17. c5 bxc5 18. Bxc5 Rfc8 19. Rc1 Ne4 20. Bb4 Rxc1 21. Qxc1 Rc8
22. Qe3 Nc4 23. Qxa7 Nxe5 24. Qxb7 Re8 25. Qc7 f6 26. b6 g5 27. Qxh7+ Kxh7 28.
Bxe4+ dxe4 29. Rc1 Rb8 30. Rc7+ Kg6 31. Bc5 Nc4 32. Bf8 f5 33. Rxc4 Rxb6 34. e3
h5 35. a4 Kf7 36. Bb4 h4 37. a5 Ra6 38. Rc7+ Kf6 39. Bc3+ e5 40. Rc5 Re6 41.
Rxe5 1-0

[Event "V Memorial Pino Mascolo A"]
[Site "Barletta ITA"]
[Date "2013.09.29"]
[Round "2"]
[White "Poggiolini, Alessandro"]
[Black "Poggiolini, Davide"]
[WhiteElo "1950"]
[BlackElo "1575"]
[Result "1-0"]
[PlyCount "27"]
[EventDate "2013.09.28"]

1. d4 Nf6 2. c4 d5 3. cxd5 Nxd5 4. e4 Nf6 5. Nc3 e6 6. Nf3 Bb4 7. Bd3 Nc6 8.
O-O O-O 9. a3 Ba5 10. Bg5 Qd7 11. d5 Ne7 12. Ne5 Qd6 13. Nc4 Qc5 14. Be3 1-0

[Event "V Memorial Pino Mascolo A"]
[Site "Barletta ITA"]
[Date "2013.09.29"]
[Round "2"]
[White "Pozharitskiy, Anatoly"]
[Black "Beccaria, Matteo"]
[WhiteElo "1773"]
[BlackElo "1566"]
[Result "1-0"]
[PlyCount "93"]
[EventDate "2013.09.28"]

1. e4 c5 2. Nc3 e6 3. f4 d6 4. d4 cxd4 5. Qxd4 Nc6 6. Qf2 Nf6 7. Nf3 Be7 8. Bd3
O-O 9. O-O a6 10. Kh1 b5 11. a3 Rb8 12. e5 dxe5 13. fxe5 Nd5 14. Nxd5 Qxd5 15.
Qg3 Bb7 16. Bh6 g6 17. Bxf8 Rxf8 18. Rfe1 Qc5 19. Rad1 Rb8 20. Qf4 Nd8 21. Ng5
Bxg5 22. Qxg5 Nc6 23. Qe3 Qe7 24. Be2 Qh4 25. Bf3 Qe7 26. Bxc6 Bxc6 27. Rd6 Bb7
28. Red1 Qc7 29. c3 Kg7 30. Qf4 Bd5 31. Qf6+ Kg8 32. Rf1 Rf8 33. Rf4 Qb7 34.
Rf2 Qa7 35. Rd8 Rxd8 36. Qxd8+ Kg7 37. Qf6+ Kg8 38. h4 Be4 39. Qd8+ Kg7 40. Qd4
Qb7 41. Kh2 Bd5 42. Qf4 Kg8 43. h5 Be4 44. h6 Bf5 45. g4 Be4 46. Qf6 Kf8 47.
Qd8# 1-0

[Event "V Memorial Pino Mascolo A"]
[Site "Barletta ITA"]
[Date "2013.09.29"]
[Round "2"]
[White "Rinaldi, Giuseppe"]
[Black "Sirena, Gianni"]
[WhiteElo "1803"]
[BlackElo "2013"]
[Result "0-1"]
[PlyCount "80"]
[EventDate "2013.09.28"]

1. e4 d6 2. d4 Nf6 3. Nc3 g6 4. Bg5 c6 5. Bxf6 exf6 6. Bd3 Bg7 7. Nf3 O-O 8.
O-O Bg4 9. h3 Bxf3 10. Qxf3 Qb6 11. Ne2 Nd7 12. Rab1 Rfd8 13. b4 Qc7 14. c4 b6
15. Qf4 Nf8 16. d5 c5 17. bxc5 bxc5 18. Rb3 Nd7 19. Nc3 a6 20. Rfb1 Rdb8 21.
Qd2 Rxb3 22. axb3 f5 23. Qc2 Qa5 24. Na4 fxe4 25. Bxe4 Re8 26. f4 Bd4+ 27. Kh1
f5 28. Bf3 Re1+ 29. Kh2 Rxb1 30. Qxb1 Qd2 31. Kh1 Qxf4 32. Qe1 Ne5 33. Qe2 Qc1+
34. Qd1 Qe3 35. Kh2 Nd3 36. Qf1 Be5+ 37. g3 Ne1 38. Bg2 Qxg3+ 39. Kg1 Bd4+ 40.
Kh1 Nxg2 0-1

[Event "V Memorial Pino Mascolo A"]
[Site "Barletta ITA"]
[Date "2013.09.29"]
[Round "3"]
[White "Beccaria, Matteo"]
[Black "Santeramo, Cristina"]
[WhiteElo "1566"]
[BlackElo "1635"]
[Result "1/2-1/2"]
[PlyCount "41"]
[EventDate "2013.09.28"]

1. e4 c5 2. c3 d5 3. exd5 Qxd5 4. d4 cxd4 5. cxd4 Nf6 6. Nc3 Qd8 7. Nf3 Bg4 8.
Be2 e6 9. O-O Be7 10. Be3 O-O 11. Rc1 Nc6 12. Re1 Qd6 13. Qd3 Rfd8 14. Rcd1 h6
15. a3 a6 16. Ne4 Nxe4 17. Qxe4 Bf5 18. Qf4 Qd7 19. Ne5 Qe8 20. Bh5 Nxe5 21.
dxe5 1/2-1/2

[Event "V Memorial Pino Mascolo A"]
[Site "Barletta ITA"]
[Date "2013.09.29"]
[Round "3"]
[White "Brunetti, Alberto"]
[Black "Poggiolini, Davide"]
[WhiteElo "1797"]
[BlackElo "1575"]
[Result "1-0"]
[PlyCount "55"]
[EventDate "2013.09.28"]

1. d4 Nf6 2. c4 d6 3. Nc3 g6 4. Nf3 Bg7 5. Bf4 O-O 6. e3 Nbd7 7. Be2 Qe8 8. h3
Nh5 9. Bh2 f5 10. O-O e5 11. b4 Nhf6 12. Qb3 Kh8 13. Nb5 Qd8 14. dxe5 dxe5 15.
Nxe5 Ne4 16. Rad1 Qe7 17. Nxd7 Bxd7 18. Nxc7 Rad8 19. Nd5 Qg5 20. Bf3 Rde8 21.
Nc7 Rd8 22. Bxe4 fxe4 23. Rxd7 Rxd7 24. Ne6 Qe7 25. Nxf8 Bxf8 26. Rd1 Rxd1+ 27.
Qxd1 Qxb4 28. Be5+ 1-0

[Event "V Memorial Pino Mascolo A"]
[Site "Barletta ITA"]
[Date "2013.09.29"]
[Round "3"]
[White "De Mola, Paolo"]
[Black "Capitano, Daniel"]
[WhiteElo "1625"]
[BlackElo "1560"]
[Result "1-0"]
[PlyCount "64"]
[EventDate "2013.09.28"]

1. e4 c5 2. Nf3 e6 3. Nc3 a6 4. d4 cxd4 5. Nxd4 Qc7 6. Bd3 Bb4 7. Bd2 Nf6 8. f4
Bxc3 9. bxc3 d5 10. e5 Nfd7 11. Qh5 Nf8 12. O-O Nc6 13. Qg5 g6 14. Qf6 Rg8 15.
Qg5 Qb6 16. Be3 Qc5 17. Nf5 Qxc3 18. Nd6+ Kd7 19. Qf6 Ne7 20. Nxf7 h5 21. Nh6
Nh7 22. Qf7 Rh8 23. Rfe1 b5 24. Bxg6 Bb7 25. Qg7 Nf8 26. Bd3 Rxh6 27. Qxh6 Qc6
28. Bd4 Kc7 29. Qxh5 Nd7 30. Qf7 Nc8 31. f5 exf5 32. Bxf5 Ncb6 1-0

[Event "V Memorial Pino Mascolo A"]
[Site "Barletta ITA"]
[Date "2013.09.29"]
[Round "3"]
[White "Di Lascio, Savino"]
[Black "Pastore, Giuseppe"]
[WhiteElo "1900"]
[BlackElo "1720"]
[Result "1-0"]
[PlyCount "81"]
[EventDate "2013.09.28"]

1. b4 e5 2. Bb2 d6 3. e3 g6 4. Nf3 Bg7 5. d4 e4 6. Nfd2 d5 7. c4 c6 8. cxd5
cxd5 9. Nc3 Ne7 10. Rc1 Bd7 11. Qb3 Be6 12. Na4 b6 13. Bb5+ Bd7 14. Nc3 O-O 15.
O-O a6 16. Be2 Be6 17. Rc2 Nd7 18. Rfc1 b5 19. a4 bxa4 20. Nxa4 Nb6 21. Nc5 Bc8
22. Ra1 Qd6 23. Bc3 Nd7 24. Rca2 Nxc5 25. dxc5 Qc6 26. Bxg7 Kxg7 27. Qc3+ Qf6
28. Qxf6+ Kxf6 29. Bxa6 Nc6 30. Bxc8 Rxa2 31. Rxa2 Rxc8 32. b5 Nb4 33. Ra4 Nd3
34. c6 Ke5 35. Nb3 f5 36. Nd4 Nc5 37. Ra7 h5 38. h4 f4 39. b6 fxe3 40. fxe3 Kd6
41. Rg7 1-0

[Event "V Memorial Pino Mascolo A"]
[Site "Barletta ITA"]
[Date "2013.09.29"]
[Round "3"]
[White "Lattanzio, Savino"]
[Black "Marrone, Vincenzo"]
[WhiteElo "2100"]
[BlackElo "1933"]
[Result "1/2-1/2"]
[PlyCount "45"]
[EventDate "2013.09.28"]

1. e4 c5 2. c3 d5 3. exd5 Qxd5 4. d4 Nf6 5. Nf3 Bg4 6. Be2 e6 7. O-O Be7 8. Be3
cxd4 9. cxd4 O-O 10. Nc3 Qd6 11. h3 Bh5 12. a3 Nc6 13. Qd2 Rac8 14. b4 Nd5 15.
Ne4 Qd8 16. Nc5 b6 17. Nb3 Bf6 18. b5 Nce7 19. g4 Bg6 20. Rfc1 h6 21. Rxc8 Qxc8
22. Rc1 Qb8 23. Bf1 1/2-1/2

[Event "V Memorial Pino Mascolo A"]
[Site "Barletta ITA"]
[Date "2013.09.29"]
[Round "3"]
[White "Mastrolonardo, Francesco"]
[Black "Messina, Francesco"]
[WhiteElo "1940"]
[BlackElo "1904"]
[Result "1/2-1/2"]
[PlyCount "32"]
[EventDate "2013.09.28"]

1. d4 f5 2. g3 Nf6 3. Bg2 g6 4. Nh3 Bg7 5. O-O O-O 6. c4 d6 7. Nc3 c6 8. Qc2
Qe8 9. b4 e5 10. dxe5 dxe5 11. Bb2 Qf7 12. Na4 Ng4 13. Nc5 Nd7 14. Ng5 Qe7 15.
Nge6 Nxc5 16. Nxc5 Rb8 1/2-1/2

[Event "V Memorial Pino Mascolo A"]
[Site "Barletta ITA"]
[Date "2013.09.29"]
[Round "3"]
[White "Mininni, Saverio"]
[Black "Martire, Ruggiero"]
[WhiteElo "1706"]
[BlackElo "1617"]
[Result "0-1"]
[PlyCount "94"]
[EventDate "2013.09.28"]

1. e4 Nf6 2. d3 g6 3. Nf3 Bg7 4. Be2 d6 5. O-O c5 6. c3 Nc6 7. Bg5 Bd7 8. Bxf6
Bxf6 9. Nbd2 O-O 10. h3 b5 11. Rb1 Qc7 12. Nh2 Bg7 13. Bg4 Ne5 14. Qe2 f5 15.
exf5 gxf5 16. Bf3 Rad8 17. Bd5+ e6 18. Bb3 d5 19. Bc2 Ng6 20. Rfe1 e5 21. Nhf3
e4 22. dxe4 fxe4 23. Nh2 Bh6 24. f3 e3 25. Bxg6 exd2 26. Bxh7+ Kxh7 27. Qd3+
Bf5 28. Qxb5 dxe1=Q+ 29. Rxe1 d4 30. cxd4 cxd4 31. Qb4 Be3+ 32. Kh1 Rfe8 33.
Nf1 Bf2 34. Rd1 Bc2 35. Rc1 d3 36. Nd2 Rd4 37. Qa3 Re1+ 38. Rxe1 Bxe1 39. Ne4
Rxe4 40. fxe4 d2 41. Qf8 Bxe4 42. Qe8 Bxg2+ 43. Kxg2 Qg3+ 44. Kh1 Qf3+ 45. Kh2
Bg3+ 46. Kg1 Qf2+ 47. Kh1 Qf1# 0-1

[Event "V Memorial Pino Mascolo A"]
[Site "Barletta ITA"]
[Date "2013.09.29"]
[Round "3"]
[White "Poggiolini, Alessandro"]
[Black "Lombardi, Vincenzo Angelo"]
[WhiteElo "1950"]
[BlackElo "1974"]
[Result "1-0"]
[PlyCount "45"]
[EventDate "2013.09.28"]

1. e4 e5 2. Nf3 Nc6 3. Nc3 Bb4 4. Bb5 Nf6 5. O-O O-O 6. d3 d6 7. Bg5 h6 8. Bxf6
gxf6 9. Bxc6 bxc6 10. Nh4 Bxc3 11. bxc3 Kg7 12. f4 Rh8 13. Qh5 Qe7 14. fxe5
Qxe5 15. Nf5+ Bxf5 16. Rxf5 Qxc3 17. Raf1 Rh7 18. e5 dxe5 19. Rxf6 Rg8 20.
Rxf7+ Kh8 21. Rxh7+ Kxh7 22. Rf7+ Rg7 23. Qf5+ 1-0

[Event "V Memorial Pino Mascolo A"]
[Site "Barletta ITA"]
[Date "2013.10.05"]
[Round "4"]
[White "Messina, Francesco"]
[Black "Brunetti, Alberto"]
[WhiteElo "1904"]
[BlackElo "1797"]
[Result "1-0"]
[PlyCount "73"]
[EventDate "2013.09.28"]

1. e4 c5 2. Nf3 e6 3. d4 cxd4 4. Nxd4 a6 5. Bd3 Bc5 6. Nb3 Be7 7. Nc3 d6 8. Qe2
Nd7 9. f4 Qc7 10. Be3 b5 11. O-O Ngf6 12. Nd1 Bb7 13. Nf2 Nc5 14. Bxc5 dxc5 15.
c4 bxc4 16. Bxc4 Qxf4 17. e5 Nd5 18. Na5 Ne3 19. Nh3 Qd4 20. Rf4 Be4 21. Nb3
Qxc4 22. Qxe3 f5 23. exf6 Bxf6 24. Rxe4 Qc2 25. Rxe6+ Kf7 26. Rf1 Rhd8 27. Rc6
Re8 28. Qxc5 Qxc5+ 29. Nxc5 Re2 30. Nd7 Rxb2 31. Nxf6 gxf6 32. Rfxf6+ Ke7 33.
Nf4 Rd8 34. Rce6+ Kd7 35. Rd6+ Kc7 36. Rxd8 Kxd8 37. Rxa6 1-0

[Event "V Memorial Pino Mascolo A"]
[Site "Barletta ITA"]
[Date "2013.10.05"]
[Round "4"]
[White "Poggiolini, Davide"]
[Black "Manfredi, Sabino"]
[WhiteElo "1575"]
[BlackElo "1735"]
[Result "1/2-1/2"]
[PlyCount "26"]
[EventDate "2013.09.28"]

1. b3 Nf6 2. Bb2 c5 3. e3 b6 4. Nf3 Bb7 5. d4 e6 6. Nbd2 Nc6 7. c4 cxd4 8. Nxd4
Nxd4 9. Bxd4 Bb4 10. a3 Bc5 11. Bb2 Be7 12. Nf3 Rc8 13. Be2 d5 1/2-1/2

[Event "V Memorial Pino Mascolo A"]
[Site "Barletta ITA"]
[Date "2013.10.06"]
[Round "5"]
[White "Beccaria, Matteo"]
[Black "Poggiolini, Davide"]
[WhiteElo "1566"]
[BlackElo "1575"]
[Result "0-1"]
[PlyCount "74"]
[EventDate "2013.09.28"]

1. e4 c5 2. Nf3 Nf6 3. Nc3 d6 4. d4 cxd4 5. Nxd4 a6 6. Be3 e6 7. Be2 Be7 8. Qd2
d5 9. exd5 Nxd5 10. Nxd5 Qxd5 11. Bf3 Qd8 12. O-O-O Nd7 13. Be2 Nf6 14. f3 Nd5
15. Bf2 Bg5 16. Nb3 Bxd2+ 17. Rxd2 Qc7 18. Bg3 Qe7 19. Rhd1 Ne3 20. Rd8+ Qxd8
21. Rxd8+ Kxd8 22. Kd2 Nf5 23. Bf2 Ke7 24. g4 Nd6 25. Bc5 Rd8 26. Kc1 f6 27.
Nd4 Kf7 28. a4 e5 29. Bxd6 Rxd6 30. Bc4+ Ke7 31. Ne2 Be6 32. Bd3 Rc8 33. Nc3
Rcd8 34. Ne4 Rd4 35. Be2 Bc4 36. c3 Rxe4 37. fxe4 Bxe2 0-1

[Event "V Memorial Pino Mascolo A"]
[Site "Barletta ITA"]
[Date "2013.10.06"]
[Round "5"]
[White "Brunetti, Alberto"]
[Black "Marrone, Vincenzo"]
[WhiteElo "1797"]
[BlackElo "1933"]
[Result "1-0"]
[PlyCount "59"]
[EventDate "2013.09.28"]

1. d4 Nf6 2. c4 e6 3. Nf3 b6 4. a3 Bb7 5. Nc3 d5 6. e3 c5 7. Bd3 Be7 8. O-O O-O
9. Qe2 Nc6 10. Rd1 Na5 11. cxd5 Nb3 12. Rb1 cxd4 13. dxe6 Bxf3 14. gxf3 fxe6
15. Bc4 Nxc1 16. Rbxc1 Nd5 17. Nxd5 exd5 18. Rxd4 Kh8 19. Bxd5 Rc8 20. Rcd1 Qe8
21. Be4 Bf6 22. Rd5 Rc7 23. Qd3 g6 24. Qe2 Qc8 25. Kg2 Rc5 26. f4 Qe6 27. Bf3
Rfc8 28. Bg4 Qe4+ 29. f3 Rc2 30. fxe4 1-0